000 00651nam a22002057a 4500
005 20141127113653.0
010 _aENG-111227
020 _a9788186383803
_c300.00
020 _a8186383808
_c300.00
035 _aEN-94759
037 _bDBAD/PUB
082 _a305.420954
100 _aGhosh, Jayasri
245 _aPolitical participation of women in West Bengal :
_cby Jayasri Ghosh
_ba study /
260 _aKolkata
_bProgressive Publishers
_c2014
270 _a37 A, College Street
_bKolkata
_e700073
300 _a295p.
_c23cm(Hb)
500 _aIncludes bibliographical references and index
942 _2ddc
_cEN
_mGHO
_h305.420954
999 _c90035
_d90035